[Event "POLFINAL MISTRZOSTW POLSKI JUNIOROW 2019 - C17"]
[Site "Ustron"]
[Date "1899-12-30"]
[Round "2.7"]
[White "Zareba, Maciej"]
[Black "Iwanczuk, Krzysztof"]
[Result "1-0"]
[WhiteTitle "I"]
[BlackTitle "I"]
[WhiteElo "1796"]
[BlackElo "1857"]

1. e4 c5 2. Nf3 g6 3. d4 cxd4 4. Nxd4 Bg7 5. c4 Nc6 6. Be3 Nf6 7. Nc3 d6 8. Be2
O-O 9. O-O Nxd4 10. Bxd4 Bd7 11. Nd5 Nxe4 12. Bxg7 Kxg7 13. Qd4+ Nf6 14. Nxf6
exf6 15. Qxd6 Bc6 16. Rfd1 Re8 17. Qxd8 Raxd8 18. Rxd8 Rxd8 19. Rd1 Rxd1+ 20.
Bxd1 f5 21. f4 Kf6 22. Kf2 a5 23. g3 Ke6 24. Ke3 Kd6 25. Kd4 b6 26. b3 f6 27.
a3 Be8 28. b4 axb4 29. axb4 Bf7 30. Bf3 h6 31. c5+ bxc5+ 32. bxc5+ Kd7 33. Bd5
Be8 34. Bb3 Kc7 35. h3 Kb7 36. h4 h5 37. Bg8 Kc6 38. Kc4 Kc7 39. Kd5 Ba4 40. Ke6
Bb3+ 41. Kxf6 Bxg8 42. Kxg6 Kd8 43. Kxh5 Ke7 44. Kg6 Be6 45. h5 Kf8 46. Kf6 Bc8
47. c6 Kg8 48. c7 Kh7 49. Ke7 Kh6 50. Kd8 Be6 51. c8=Q Bxc8 52. Kxc8 Kxh5 53.
Kd7 Kg4 54. Ke6 1-0

[Event "POLFINAL MISTRZOSTW POLSKI JUNIOROW 2019 - C17"]
[Site "Ustron"]
[Date "1899-12-30"]
[Round "2.9"]
[White "Michalowski, Patryk"]
[Black "Kukorowski, Jan"]
[Result "0-1"]
[WhiteTitle "I"]
[BlackTitle "I+"]
[WhiteElo "1769"]
[BlackElo "1837"]

1. e4 c5 2. Nf3 Nc6 3. d4 cxd4 4. Nxd4 Nf6 5. Nc3 d6 6. Bc4 e6 7. Be3 Be7 8. Qe2
a6 9. O-O-O Qc7 10. Bb3 Na5 11. g4 b5 12. g5 Nxb3+ 13. axb3 Nd7 14. h4 b4 15.
Na4 Nc5 16. Qc4 Bd7 17. h5 Rc8 18. Qe2 Nxe4 19. g6 O-O 20. Rdg1 e5 21. Nf3 fxg6
22. Nb6 Rce8 23. Nxd7 Qxd7 24. hxg6 hxg6 25. Rxg6 Qf5 26. Rhg1 Rf7 27. Bh6 Qxf3
28. Qc4 Kh7 29. Bxg7 Bg5+ 30. R6xg5 Qf4+ 31. Kb1 Nxg5 32. Qc6 Re6 33. Qd5 Rg6
0-1

[Event "POLFINAL MISTRZOSTW POLSKI JUNIOROW 2019 - C17"]
[Site "Ustron"]
[Date "1899-12-30"]
[Round "2.10"]
[White "Dytman, Radoslaw"]
[Black "Wierzbicki, Michal"]
[Result "1/2-1/2"]
[WhiteTitle "I"]
[BlackTitle "I++"]
[WhiteElo "1758"]
[BlackElo "1969"]

1. Nf3 e6 2. g3 b6 3. Bg2 Bb7 4. d3 d5 5. Nbd2 Nf6 6. O-O c5 7. Re1 Nc6 8. e4 Be7
9. e5 Nd7 10. Nf1 Qc7 11. Qe2 h6 12. h4 O-O-O 13. c3 Rdg8 14. d4 c4 15. b3 Na5
16. bxc4 Nxc4 17. Ne3 Nxe3 18. Bxe3 Kb8 19. Rec1 Ba3 20. Rc2 Qc4 21. Qxc4 dxc4
22. Nd2 Bd5 23. Rb1 a6 24. Ne4 Ka7 25. Bc1 Be7 26. Rcb2 Rb8 27. Be3 Ba3 28. Rc2
b5 29. Bc1 Be7 30. a3 Nb6 31. f4 Rhc8 32. Nf2 Bxg2 33. Kxg2 Nd5 34. Nd1 a5 35.
Ne3 Ka6 36. Nxd5 exd5 37. Ra2 g6 38. Kf3 Rb6 39. Bd2 Rcb8 40. h5 gxh5 41. Rh1
Kb7 42. Rxh5 Rc8 43. f5 b4 44. axb4 axb4 45. Ke3 bxc3 46. Bxc3 Bg5+ 47. Ke2 Rb3
48. Rc2 Ra8 49. g4 Raa3 50. Rh3 Rb1 51. Rf3 Kc6 52. e6 fxe6 53. f6 Ra8 54. f7
Rf8 55. Rb2 Rxb2+ 56. Bxb2 Kd7 57. Ba3 Be7 58. Bc1 Bg5 59. Ba3 Be7 60. Bc1 Bg5
61. Ba3 Be7 62. Bc1 1/2-1/2

[Event "POLFINAL MISTRZOSTW POLSKI JUNIOROW 2019 - C17"]
[Site "Ustron"]
[Date "1899-12-30"]
[Round "2.11"]
[White "Lambrecht, Tomasz"]
[Black "Pytel, Maciej"]
[Result "0-1"]
[WhiteTitle "I"]
[BlackTitle "k"]
[WhiteElo "1745"]
[BlackElo "1949"]

1. d4 Nf6 2. c4 e6 3. Nc3 Bb4 4. Qc2 O-O 5. a3 Bxc3+ 6. Qxc3 b6 7. Bg5 Bb7 8. e3
d6 9. Nf3 Nbd7 10. Be2 Qe8 11. Bxf6 Nxf6 12. O-O Ne4 13. Qc2 f5 14. Rfd1 Qg6 15.
Ne1 Ng5 16. f3 Qh6 17. d5 e5 18. f4 Ne4 19. g3 g5 20. Ng2 Rae8 21. Bd3 gxf4 22.
exf4 Bc8 23. fxe5 Rxe5 24. Nf4 Ng5 25. Kg2 Rfe8 26. Rd2 Bd7 27. Re2 Rxe2+ 28.
Bxe2 Qf6 29. Rd1 Qe5 30. h4 Ne4 31. Bf3 Re7 32. Bxe4 fxe4 33. Qc3 Qxc3 34. bxc3
Bg4 35. Rd4 Kf7 36. Kf2 e3+ 37. Ke1 h5 38. Ng2 Kf6 39. Rd3 Bf3 40. Nxe3 Be4 41.
Rd4 Bxd5 42. Rxd5 Rxe3+ 43. Kd2 Re5 44. Rd4 Ra5 45. g4 hxg4 46. Rxg4 Rxa3 47.
Rg8 Ra2+ 48. Kd3 Rh2 49. Rc8 Rh3+ 50. Kc2 c5 51. Rc7 Rxh4 52. Rxa7 Rxc4 53. Rb7
Ke6 54. Rxb6 Rh4 55. Kd3 Kd5 56. Rb8 Rh3+ 57. Kd2 Kc4 58. Rd8 d5 59. Rc8 Rd3+
0-1

[Event "POLFINAL MISTRZOSTW POLSKI JUNIOROW 2019 - C17"]
[Site "Ustron"]
[Date "1899-12-30"]
[Round "2.12"]
[White "Namyslak, Piotr"]
[Black "Grzegorski, Michal"]
[Result "1-0"]
[WhiteTitle "I"]
[BlackTitle "I"]
[WhiteElo "1725"]
[BlackElo "1747"]

1. c4 e5 2. Nc3 Nf6 3. g3 c6 4. Bg2 d5 5. cxd5 cxd5 6. d3 Be6 7. Bg5 Nc6 8. Bxf6
gxf6 9. Nf3 d4 10. Ne4 f5 11. Ned2 Bd5 12. Qa4 a6 13. O-O b5 14. Qc2 Nb4 15. Qd1
Qd6 16. a3 Nc6 17. Nh4 Bxg2 18. Nxg2 f4 19. Ne4 Qe6 20. Qc1 f5 21. Ng5 Qg6 22.
Nh4 Qf6 23. gxf4 h6 24. Ngf3 e4 25. dxe4 fxe4 26. Ne5 Nxe5 27. fxe5 Qe6 28. Kh1
Bg7 29. Rg1 Bxe5 30. Rg6 Qd5 31. Qc6+ Qxc6 32. Rxc6 Kd7 33. Rc5 Bf6 34. Nf5 Rac8
35. Rxc8 Rxc8 36. Nxd4 Rc4 37. Nf5 Bxb2 38. Ra2 Rc2 39. Kg2 Rxe2 40. Ng3 Rc2 41.
Nxe4 a5 42. Nc5+ Rxc5 43. Rxb2 Kc6 44. Rb3 Rg5+ 45. Kh3 Kc5 46. f4 Rg1 47. Rf3
b4 48. axb4+ axb4 49. f5 Kc4 50. f6 Rg8 51. Kh4 b3 52. Kh5 b2 53. Rf1 Kd5 54.
f7 Rb8 55. Kg6 Ke6 56. Kg7 Rb7 57. Re1+ Kf5 58. Kg8 1-0

[Event "POLFINAL MISTRZOSTW POLSKI JUNIOROW 2019 - C17"]
[Site "Ustron"]
[Date "1899-12-30"]
[Round "2.13"]
[White "Kukula, Karol"]
[Black "Drozdzal, Michal"]
[Result "1-0"]
[WhiteTitle "I"]
[BlackTitle "II+"]
[WhiteElo "1757"]
[BlackElo "1509"]

1. e4 c5 2. Nf3 Nc6 3. Bb5 g6 4. O-O Bg7 5. c3 Nh6 6. d4 cxd4 7. cxd4 O-O 8. Nc3
a6 9. Bxc6 dxc6 10. h3 f5 11. Qb3+ Kh8 12. e5 Nf7 13. Rd1 e6 14. Na4 Qd5 15. Qxd5
cxd5 16. Nb6 Rb8 17. Bd2 Rd8 18. Ng5 Rf8 19. Rac1 Nxg5 20. Bxg5 f4 21. Be7 Re8
22. Bd6 1-0

[Event "POLFINAL MISTRZOSTW POLSKI JUNIOROW 2019 - C17"]
[Site "Ustron"]
[Date "1899-12-30"]
[Round "2.14"]
[White "Zolkiewski, Jakub"]
[Black "Wilgosz, Jan"]
[Result "0-1"]
[WhiteTitle "I"]
[BlackTitle "II"]
[WhiteElo "1752"]
[BlackElo "1477"]

1. d4 Nf6 2. c4 g6 3. Nc3 Bg7 4. e4 d6 5. f3 O-O 6. Be3 e5 7. Nge2 c6 8. Qd2 Nbd7
9. d5 cxd5 10. cxd5 a6 11. Nc1 b5 12. Nd3 Nb6 13. b3 Bb7 14. Be2 Nfd7 15. O-O
f5 16. a4 bxa4 17. Nxa4 Nxa4 18. Rxa4 Nf6 19. Qb4 Qe7 20. Nxe5 a5 21. Qb6 Bxd5
22. exd5 Qxe5 23. Bc4 Nd7 24. Bd4 Qxd4+ 25. Qxd4 Bxd4+ 26. Kh1 Bg7 0-1

[Event "POLFINAL MISTRZOSTW POLSKI JUNIOROW 2019 - C17"]
[Site "Ustron"]
[Date "1899-12-30"]
[Round "2.15"]
[White "Drygas, Wojciech"]
[Black "Golinski, Kacper"]
[Result "0-1"]
[WhiteTitle "II"]
[BlackTitle "I"]
[WhiteElo "1477"]
[BlackElo "1736"]

1. e4 e5 2. Bc4 Nc6 3. Nf3 Nf6 4. d3 Bc5 5. O-O d6 6. h3 Be6 7. Bb3 Qd7 8. c3 Bb6
9. Nbd2 h6 10. Bc2 g5 11. Nc4 Bxc4 12. dxc4 Rg8 13. g4 h5 14. Nh2 Qe6 15. Qe2
hxg4 16. hxg4 O-O-O 17. Kg2 Rh8 18. Rh1 Rdg8 19. f3 Nd7 20. Nf1 Rxh1 21. Kxh1
Rh8+ 22. Nh2 Qh6 23. Ba4 Nc5 24. Bxc6 bxc6 25. Be3 Nxe4 26. fxe4 Bxe3 27. Rf1
Bf4 28. Rf2 Kd7 29. b3 Ke6 30. Kg1 Bxh2+ 31. Rxh2 Qxh2+ 32. Qxh2 Rxh2 33. Kxh2
d5 34. Kg3 dxe4 35. b4 f5 36. a4 fxg4 37. Kxg4 Kd6 38. a5 Ke6 39. a6 Kd6 40. Kg3
c5 41. b5 Ke6 42. Kg4 Kf6 0-1

[Event "POLFINAL MISTRZOSTW POLSKI JUNIOROW 2019 - C17"]
[Site "Ustron"]
[Date "1899-12-30"]
[Round "2.16"]
[White "Szeliga, Sebastian"]
[Black "Bujalski, Mateusz"]
[Result "1/2-1/2"]
[WhiteTitle "I"]
[BlackTitle "I"]
[WhiteElo "1473"]
[BlackElo "1650"]

1. e4 c5 2. Nf3 Nc6 3. d4 cxd4 4. Nxd4 Nf6 5. Nc3 e6 6. Ndb5 Bb4 7. a3 Bxc3+ 8.
Nxc3 d5 9. exd5 Nxd5 10. Nxd5 exd5 11. Bd3 Qe7+ 12. Qe2 Be6 13. O-O O-O 14. Be3
Qf6 15. b3 Rfe8 16. Qd2 h6 17. Rad1 Rac8 18. Rfe1 Bg4 19. f3 Be6 20. Qf2 b6 21.
Bb5 Red8 22. Re2 g5 23. Qg3 d4 24. Bc1 d3 25. Bxd3 Nd4 26. Red2 Nxc2 27. Bxc2
Rxd2 28. Rxd2 Bf5 29. Qf2 Qa1 30. Rd1 Rxc2 31. Qe3 Qc3 32. Rd8+ Kh7 33. Qxc3 Rxc3
34. Bb2 Rxb3 35. Be5 f6 36. Bxf6 Rxa3 37. Re8 Kg6 38. Bd4 Rd3 39. Bh8 Rd7 40.
Re1 b5 41. Bc3 Rc7 42. Re3 Kf7 43. Kf2 Rc4 44. Ba5 Be6 45. Re1 Ra4 46. Bc7 Ra2+
47. Kg3 a5 48. Re5 Bc4 49. Bd6 Bf1 50. Re7+ Kf6 51. Kg4 Bxg2 52. Rb7 Bf1 53. Rb6
Bc4 54. Bf8+ Be6+ 55. Kg3 h5 56. h4 gxh4+ 57. Kxh4 b4 58. Bc5 Kf5 59. Bxb4 Bd5
60. Rb5 axb4 61. Rxd5+ Kg6 62. Rd6+ Kf5 63. Rd5+ Ke6 64. Rb5 Rb2 65. Kxh5 1/2-1/2

[Event "POLFINAL MISTRZOSTW POLSKI JUNIOROW 2019 - C17"]
[Site "Ustron"]
[Date "1899-12-30"]
[Round "2.17"]
[White "Sandomierski, Cyprian"]
[Black "Kucza, Arkadiusz"]
[Result "1/2-1/2"]
[WhiteTitle "I"]
[BlackTitle "II"]
[WhiteElo "1645"]
[BlackElo "1384"]

1. e4 e5 2. Nf3 Nc6 3. d4 exd4 4. Bc4 Qe7 5. O-O d6 6. Nxd4 Nxd4 7. Qxd4 Be6 8.
Nc3 c6 9. Bf4 Bxc4 10. Qxc4 Qe6 11. Qb3 Qxb3 12. axb3 a6 13. Na4 O-O-O 14. c4
Nf6 15. f3 Nh5 16. Be3 g6 17. Bb6 Re8 18. Rad1 Ng7 19. Rf2 f5 20. Nc3 Ne6 21.
b4 Nc7 22. Rfd2 Ne6 23. Kf2 h6 24. exf5 gxf5 25. b5 c5 26. Ra1 Nd4 27. Ra3 h5
28. bxa6 bxa6 29. Nd5 Kb7 30. Ba5 Bh6 31. f4 Re4 32. g3 Rhe8 33. Rxd4 cxd4 34.
Rb3+ Kc6 35. Rb6+ Kd7 36. Nf6+ 1/2-1/2

[Event "POLFINAL MISTRZOSTW POLSKI JUNIOROW 2019 - C17"]
[Site "Ustron"]
[Date "1899-12-30"]
[Round "2.18"]
[White "Kocierz, Pawel"]
[Black "Gazda, Dominik"]
[Result "1/2-1/2"]
[WhiteTitle "II"]
[BlackTitle "I"]
[WhiteElo "1350"]
[BlackElo "1640"]

1. Nf3 Nf6 2. g3 g6 3. Bg2 Bg7 4. O-O O-O 5. c4 c5 6. d4 d6 7. d5 e5 8. Nc3 Nh5
9. e4 f5 10. Bg5 Nf6 11. Nd2 h6 12. Bxf6 Qxf6 13. Rb1 a5 14. a3 f4 15. b4 axb4
16. axb4 Na6 17. bxc5 Nxc5 18. Ra1 Bd7 19. Rxa8 Rxa8 20. Qb1 Bg4 21. f3 Bd7 22.
Nb3 b6 23. Nxc5 bxc5 24. Qb7 Rd8 25. Nb5 Bf8 26. Na7 fxg3 27. hxg3 Qg5 28. Nc6
Bc8 29. Qc7 Re8 30. Ra1 Qxg3 31. Ra7 Qe1+ 32. Kh2 1/2-1/2

[Event "POLFINAL MISTRZOSTW POLSKI JUNIOROW 2019 - C17"]
[Site "Ustron"]
[Date "1899-12-30"]
[Round "2.19"]
[White "Marciniak, Leonard"]
[Black "Bienias, Michal"]
[Result "1-0"]
[WhiteTitle "I+"]
[BlackTitle "III"]
[WhiteElo "1634"]
[BlackElo "1285"]

1. e4 e5 2. Nf3 Nc6 3. Bc4 Bc5 4. c3 Nf6 5. d3 O-O 6. O-O h6 7. b4 Bb6 8. a4 a6
9. a5 Ba7 10. Re1 b5 11. axb6 Bxb6 12. b5 Nb8 13. Nxe5 Bb7 14. bxa6 Nxa6 15. Bxf7+
Rxf7 16. Nxf7 Kxf7 17. Be3 Qe7 18. Bxb6 cxb6 19. c4 Re8 20. Nc3 d6 21. f4 g6 22.
h3 Rg8 23. Ra2 g5 24. fxg5 Rxg5 25. Rf2 Qe5 26. Nd5 Bxd5 27. exd5 Qd4 28. Qf3
Nc5 29. Re3 Ncd7 30. Kh1 Rg6 31. Re6 Kg8 32. Rxd6 Ne5 33. Qf5 Nfd7 34. Rxg6+ Nxg6
35. Qxg6+ Qg7 36. Qe8+ Nf8 37. Rxf8+ Qxf8 38. Qxf8+ Kxf8 39. Kg1 1-0

[Event "POLFINAL MISTRZOSTW POLSKI JUNIOROW 2019 - C17"]
[Site "Ustron"]
[Date "1899-12-30"]
[Round "2.20"]
[White "Karas, Kacper"]
[Black "Tomkowicz, Kamil"]
[Result "0-1"]
[WhiteTitle "II"]
[BlackTitle "I"]
[WhiteElo "1133"]
[BlackElo "1616"]

1. c4 Nf6 2. Nc3 b6 3. Nf3 Bb7 4. g3 g6 5. Bg2 Bg7 6. O-O Ne4 7. d4 O-O 8. Qd3
Nxc3 9. bxc3 d6 10. e4 Nd7 11. a4 e5 12. a5 exd4 13. cxd4 Nc5 14. dxc5 Bxa1 15.
cxb6 axb6 16. axb6 cxb6 17. Nd4 Qe7 18. Nb5 Bc6 19. Nd4 Bd7 20. Nc2 Bg7 21. Ba3
Bc6 22. e5 Bxg2 23. Kxg2 Qb7+ 24. Kg1 Bxe5 25. Re1 Rfe8 26. Rxe5 dxe5 27. Qb3
Red8 28. Ne3 Ra5 29. Bb2 Qc6 30. Qc3 Qe4 31. Qb4 Raa8 32. Qc3 Rd3 33. Qc2 Rxe3
34. Qxe4 Rxe4 0-1

[Event "POLFINAL MISTRZOSTW POLSKI JUNIOROW 2019 - C17"]
[Site "Ustron"]
[Date "1899-12-30"]
[Round "2.21"]
[White "Skowron, Mateusz"]
[Black "Rudzinski, Damian"]
[Result "1-0"]
[WhiteTitle "I"]
[BlackTitle "II"]
[WhiteElo "1582"]
[BlackElo "1015"]

1. e4 c5 2. Nc3 d6 3. Bb5+ Nc6 4. f4 a6 5. Bxc6+ bxc6 6. Nf3 e6 7. O-O g6 8. Qe1
d5 9. Ne5 Ne7 10. d3 Bb7 11. Ng4 Bg7 12. f5 exf5 13. exf5 Bd4+ 14. Kh1 O-O 15.
Bg5 f6 16. Bh6 Re8 17. Qe6+ Kh8 18. Qf7 Nxf5 19. Rxf5 Re7 20. Bg7# 1-0

[Event "POLFINAL MISTRZOSTW POLSKI JUNIOROW 2019 - C17"]
[Site "Ustron"]
[Date "1899-12-30"]
[Round "3.1"]
[White "Distel, Pawel"]
[Black "Kozlowski, Pawel"]
[Result "1-0"]
[WhiteTitle "I"]
[BlackTitle "I"]
[WhiteElo "1809"]
[BlackElo "1850"]

1. e4 e6 2. d4 d5 3. Nc3 Bb4 4. e5 Qd7 5. a3 Bxc3+ 6. bxc3 b6 7. a4 Ba6 8. Bxa6
Nxa6 9. Qd3 Nb8 10. Nf3 Nc6 11. O-O Na5 12. Nd2 O-O-O 13. Ba3 Ne7 14. Qa6+ Kb8
15. Bxe7 Qxe7 16. Rfb1 Ka8 17. Nb3 Nc4 18. a5 Qd7 19. Nc5 Qc8 20. Qxa7+ Kxa7 21.
axb6+ Kb8 22. b7 Nb6 23. bxc8=Q+ Rxc8 24. Ra6 Rcd8 25. Rba1 Rde8 26. Ra7 f6 27.
Rb7+ Kc8 28. Raa7 fxe5 29. Rxc7+ Kd8 30. Rcb7 exd4 31. Rb8+ Nc8 32. Rd7# 1-0

[Event "POLFINAL MISTRZOSTW POLSKI JUNIOROW 2019 - C17"]
[Site "Ustron"]
[Date "1899-12-30"]
[Round "3.2"]
[White "Kukorowski, Jan"]
[Black "Zareba, Maciej"]
[Result "1/2-1/2"]
[WhiteTitle "I+"]
[BlackTitle "I"]
[WhiteElo "1837"]
[BlackElo "1796"]

1. e4 d5 2. exd5 Nf6 3. Nf3 Nxd5 4. d4 Bg4 5. c3 e6 6. Nbd2 c6 7. Ne4 Bf5 8. Ng3
Bg6 9. Ne5 Nd7 10. Nxg6 hxg6 11. Be3 Nxe3 12. fxe3 Qh4 13. Bd3 Bd6 14. Kd2 Nf6
15. Qf3 O-O-O 16. Kc2 Qg4 17. Raf1 Rh4 18. e4 Qxf3 19. gxf3 Bf4 20. Ne2 Bxh2 21.
c4 Rdh8 22. e5 Nh5 23. Be4 Ng3 24. Nxg3 Bxg3 25. Rxh4 Rxh4 26. Kc3 c5 27. b4 cxd4+
28. Kxd4 Bf4 29. Re1 Rh2 30. a4 Rd2+ 31. Bd3 Bg3 32. Re2 Rd1 33. a5 Rh1 34. c5
g5 35. a6 Rh4+ 36. Re4 Bf2+ 37. Kc3 b6 38. c6 Bg3 39. b5 Rxe4 40. Bxe4 Bxe5+ 41.
Kd2 Bd6 42. Bd3 Kd8 43. Ke3 Ke7 44. Bf1 f5 45. Bc4 Kf6 46. Be2 g6 47. Kd4 Bc7
48. Bf1 g4 49. fxg4 fxg4 50. Ke4 Ke7 51. Be2 g3 52. Kf3 Kf6 53. Bf1 e5 54. Kxg3
e4+ 55. Kf2 g5 56. Ke3 Kf5 57. Bg2 g4 58. Bxe4+ Ke5 59. Bg2 1/2-1/2

[Event "POLFINAL MISTRZOSTW POLSKI JUNIOROW 2019 - C17"]
[Site "Ustron"]
[Date "1899-12-30"]
[Round "3.3"]
[White "Ossolinski, Ziemowit"]
[Black "Zerebiec, Maurycy"]
[Result "0-1"]
[WhiteTitle "I+"]
[BlackTitle "I"]
[WhiteElo "1765"]
[BlackElo "1825"]

1. e4 e6 2. d4 d5 3. exd5 exd5 4. Bd3 Bd6 5. Qf3 c6 6. Bf4 Nf6 7. h3 O-O 8. Ne2
Bxf4 9. Qxf4 Re8 10. O-O Nbd7 11. Nd2 Nf8 12. Nf3 Ng6 13. Bxg6 hxg6 14. Nc3 Bf5
15. Qd2 Be4 16. Ne5 Nd7 17. Nxd7 Qxd7 18. Rfe1 Bf5 19. Ne2 f6 20. Ng3 g5 21. Nf1
Bg6 22. c3 Kf7 23. Rxe8 Rxe8 24. Re1 Rxe1 25. Qxe1 Qe6 26. Qxe6+ Kxe6 27. f3 b6
28. Kf2 c5 29. Ke3 c4 30. a3 Be8 31. g4 Kd6 32. Kd2 Bg6 33. Ng3 Ke6 34. Ke1 Bd3
35. Nf1 Bxf1 36. Kxf1 Kd6 37. Ke2 Kc6 38. Kd2 Kb5 39. Kc2 Ka4 40. Kb1 Kb3 41.
Kc1 b5 42. Kb1 a5 43. Kc1 b4 44. axb4 axb4 45. cxb4 Kxb4 46. Kc2 g6 0-1

[Event "POLFINAL MISTRZOSTW POLSKI JUNIOROW 2019 - C17"]
[Site "Ustron"]
[Date "1899-12-30"]
[Round "3.4"]
[White "Majocha, Piotr"]
[Black "Kulesza, Andrzej"]
[Result "0-1"]
[WhiteTitle "I++"]
[BlackTitle "I+"]
[WhiteElo "1803"]
[BlackElo "1971"]

1. Nf3 Nf6 2. c4 e6 3. g3 b6 4. Bg2 Ba6 5. Qa4 Bb7 6. O-O c5 7. Nc3 Be7 8. a3 O-O
9. d3 d6 10. Bf4 Nc6 11. b4 Nd7 12. Nd2 Qc8 13. Nb5 e5 14. Be3 Nd4 15. Nc3 Bxg2
16. Kxg2 Qb7+ 17. Kg1 f5 18. Qd1 Nf6 19. Bg5 Ng4 20. Bxe7 Qxe7 21. Nd5 Qf7 22.
h3 Nf6 23. Nxf6+ Qxf6 24. e3 Ne6 25. Kh2 Qh6 26. f4 g5 27. Qf3 Kh8 28. bxc5 g4
29. Qg2 exf4 30. exf4 dxc5 31. h4 Rad8 32. Qe2 Rfe8 33. Rfe1 Ng7 34. Qf1 Qd6 35.
Rxe8+ Rxe8 36. Nb3 Qf6 37. Qf2 Qc3 38. Rb1 Qxd3 39. Rb2 Qxc4 40. Nd2 Qe2 41. Nf1
Qxf2+ 42. Rxf2 Kg8 43. Rd2 Kf7 44. Kg2 Ne6 45. Rd7+ Re7 46. Rxe7+ Kxe7 47. Ne3
Nd4 48. Nd5+ Kf7 49. Kf2 b5 50. Nc7 a5 51. Na6 b4 52. axb4 cxb4 53. Nc5 b3 54.
Na4 Ke6 55. Ke3 Kd5 56. Kd3 Ne6 57. Kc3 Nc5 58. Nb6+ Ke6 59. Nc4 a4 60. Kb4 0-1

[Event "POLFINAL MISTRZOSTW POLSKI JUNIOROW 2019 - C17"]
[Site "Ustron"]
[Date "1899-12-30"]
[Round "3.5"]
[White "Grochowski, Michal"]
[Black "Cisek, Kamil"]
[Result "0-1"]
[WhiteTitle "I"]
[BlackTitle "I+"]
[WhiteElo "1778"]
[BlackElo "1963"]

1. c4 e6 2. g3 d5 3. Bg2 Nf6 4. Nf3 Be7 5. O-O O-O 6. b3 Nbd7 7. Bb2 b6 8. d3 Bb7
9. Qc2 c5 10. cxd5 exd5 11. Nbd2 Re8 12. Rfe1 d4 13. b4 Rc8 14. bxc5 Bxc5 15.
Rac1 Nf8 16. Qb1 Ng6 17. Qa1 Bb4 18. Rxc8 Qxc8 19. Qc1 Qxc1 20. Bxc1 Bc3 21. Kf1
Ng4 22. h3 Bxf3 23. Bxf3 Nh2+ 24. Kg2 Nxf3 25. Kxf3 Ne5+ 26. Ke4 Nc4+ 27. Kd5
Nxd2 28. Bxd2 Bxd2 29. Rd1 Rxe2 30. Kxd4 Rxf2 31. Ke5 f6+ 32. Ke6 Re2+ 33. Kd7
Kf7 34. d4 Ba5 35. d5 Rd2 0-1

[Event "POLFINAL MISTRZOSTW POLSKI JUNIOROW 2019 - C17"]
[Site "Ustron"]
[Date "1899-12-30"]
[Round "3.6"]
[White "Pytel, Maciej"]
[Black "Dytman, Radoslaw"]
[Result "1-0"]
[WhiteTitle "k"]
[BlackTitle "I"]
[WhiteElo "1949"]
[BlackElo "1758"]

1. e4 e5 2. Nf3 Nc6 3. Bc4 Bc5 4. c3 Nf6 5. d3 d6 6. Bb3 a6 7. Nbd2 Ba7 8. h3 O-O
9. Nf1 Be6 10. g4 Qd7 11. Bg5 Ne8 12. Ng3 d5 13. Qc2 f6 14. Bd2 Na5 15. Ke2 Nxb3
16. axb3 dxe4 17. dxe4 Qf7 18. c4 b5 19. Rhc1 Nd6 20. c5 Bxb3 21. Qc3 Bc4+ 22.
Ke1 Nb7 23. b4 a5 24. Be3 a4 25. g5 Rad8 26. Rd1 Qe6 27. gxf6 gxf6 28. Nf5 Rxd1+
29. Rxd1 Rd8 30. Rxd8+ Nxd8 31. Bc1 Qe8 32. Nd2 Bf7 33. Nf1 Bg6 34. N1g3 Ne6 35.
h4 Nf4 36. f3 Qe6 37. Qd2 Qe8 38. Ne3 c6 39. Ng4 Qe7 40. Nh6+ Kf8 41. Ngf5 Bxf5
42. Nxf5 Qc7 43. Qc3 Qf7 44. Bxf4 exf4 45. Qd4 Qg6 46. Qd8+ Kf7 47. Qc7+ Kf8 48.
Qe7+ Kg8 49. Kf2 a3 50. Qxa7 1-0

[Event "POLFINAL MISTRZOSTW POLSKI JUNIOROW 2019 - C17"]
[Site "Ustron"]
[Date "1899-12-30"]
[Round "3.7"]
[White "Rogala, Milosz"]
[Black "Namyslak, Piotr"]
[Result "0-1"]
[WhiteTitle "II+"]
[BlackTitle "I"]
[WhiteElo "1812"]
[BlackElo "1725"]

1. e4 e6 2. d4 d5 3. Nd2 Nf6 4. e5 Nfd7 5. Bd3 c5 6. c3 Nc6 7. Ne2 Qb6 8. Nf3 f6
9. exf6 Nxf6 10. O-O cxd4 11. cxd4 Bd6 12. a3 O-O 13. Qc2 e5 14. dxe5 Nxe5 15.
Nxe5 Bxe5 16. Ng3 Bd7 17. Rb1 Rac8 18. Qd1 Ng4 19. Be3 Nxe3 20. fxe3 Qxe3+ 21.
Kh1 Bxg3 22. hxg3 Rxf1+ 23. Bxf1 Rc6 24. Qxd5+ Kh8 25. Qxd7 Rh6+ 26. Qh3 Rxh3+
27. gxh3 Qe4+ 0-1

[Event "POLFINAL MISTRZOSTW POLSKI JUNIOROW 2019 - C17"]
[Site "Ustron"]
[Date "1899-12-30"]
[Round "3.8"]
[White "Maciejewski, Kamil"]
[Black "Grochol, Kamil"]
[Result "1-0"]
[WhiteTitle "I+"]
[BlackTitle "I"]
[WhiteElo "2007"]
[BlackElo "1896"]

1. Nf3 c5 2. g3 Nc6 3. Bg2 g6 4. c4 Bg7 5. Nc3 d6 6. O-O Bf5 7. b3 Qd7 8. Bb2 Bh3
9. e3 h5 10. Bxh3 Qxh3 11. Ng5 Qf5 12. h4 Nh6 13. Qb1 O-O 14. Qxf5 Nxf5 15. Na4
Bxb2 16. Nxb2 Rab8 17. Rfd1 Rfd8 18. Nf3 e6 19. d4 cxd4 20. exd4 d5 21. c5 Rdc8
22. Rac1 Kg7 23. Kg2 b6 24. cxb6 axb6 25. Na4 f6 26. Rc3 Kf7 27. Rdc1 Nfe7 28.
Nb2 Ke8 29. Nd3 Kd7 30. b4 Ra8 31. a3 Ra7 32. Nf4 Raa8 33. Re3 Nd8 34. Rce1 Rc6
35. b5 Rd6 36. Ne5+ fxe5 37. dxe5 d4 38. exd6 dxe3 39. dxe7 Kxe7 40. Rxe3 Kf7
41. Rf3 Kg7 42. Rd3 Kf6 43. Rd6 Rb8 44. Kf3 Ke7 45. Rd3 Kf6 46. Rd7 Nf7 47. Ke2
Nd8 48. Rd6 Ke5 49. Rd3 Kf6 50. Rf3 Kg7 51. Rc3 Kf6 52. a4 Nf7 53. Rc6 Nd8 54.
Nd5+ Kf7 55. Rxb6 Rc8 56. Ne3 Ra8 57. Ra6 Rxa6 58. bxa6 Nc6 59. Nc4 Ke7 60. Ne5
Na7 61. Nxg6+ Kd6 62. g4 hxg4 63. h5 Kc5 64. h6 Kb6 65. h7 g3 66. fxg3 1-0

[Event "POLFINAL MISTRZOSTW POLSKI JUNIOROW 2019 - C17"]
[Site "Ustron"]
[Date "1899-12-30"]
[Round "3.9"]
[White "Wierzbicki, Michal"]
[Black "Golinski, Kacper"]
[Result "1/2-1/2"]
[WhiteTitle "I++"]
[BlackTitle "I"]
[WhiteElo "1969"]
[BlackElo "1736"]

1. d4 Nf6 2. c4 e6 3. Nf3 d5 4. Nc3 Be7 5. e3 O-O 6. Qc2 b6 7. Bd3 Bb7 8. cxd5
exd5 9. O-O Nbd7 10. Ne5 c5 11. Bf5 g6 12. Bh3 Nxe5 13. dxe5 Ne4 14. f4 Nxc3 15.
bxc3 Qc7 16. Rd1 Rfd8 17. Bd2 Bc8 18. Bxc8 Raxc8 19. Be1 f6 20. e4 fxe5 21. exd5
exf4 22. c4 Bd6 23. Bc3 Re8 24. Re1 Re3 25. Rxe3 fxe3 26. Qe4 Qe7 27. Qxe7 Bxe7
28. Be5 Re8 29. Bg3 Bf6 30. Re1 Bd4 31. Kf1 Bc3 32. Re2 Re4 33. Rc2 Bd2 34. Ke2
Kf7 35. Be1 Bxe1 1/2-1/2

[Event "POLFINAL MISTRZOSTW POLSKI JUNIOROW 2019 - C17"]
[Site "Ustron"]
[Date "1899-12-30"]
[Round "3.10"]
[White "Bojczewski, Mateusz"]
[Black "Marciniak, Leonard"]
[Result "0-1"]
[WhiteTitle "I+"]
[BlackTitle "I+"]
[WhiteElo "1895"]
[BlackElo "1634"]

1. e4 e6 2. d4 d5 3. Nd2 dxe4 4. Nxe4 Nd7 5. Nf3 Ngf6 6. Nxf6+ Nxf6 7. Bc4 Be7
8. O-O O-O 9. Re1 c5 10. dxc5 Bxc5 11. Qxd8 Rxd8 12. Bg5 Bd7 13. Ne5 Be8 14. Bxf6
gxf6 15. Nd3 Bb6 16. Rad1 Rd4 17. b3 Rad8 18. c3 R4d6 19. Nb2 Rd2 20. Rxd2 Rxd2
21. Re2 Rxe2 22. Bxe2 Bc6 23. Bd3 f5 24. Kf1 Bc7 25. h3 Be5 26. Nd1 Be4 27. Bxe4
fxe4 28. Ke2 f5 29. Ke3 Kf7 30. c4 Kf6 31. g3 h5 32. f4 exf3 33. Kxf3 Bd4 34.
Ne3 Bxe3 35. Kxe3 e5 36. b4 Ke6 37. a3 Kd6 38. Kd3 Kc6 39. Ke3 Kb6 40. h4 Kc6
41. Kd3 b6 42. Ke3 a6 43. Kd3 Kd6 44. Ke3 e4 45. Kd4 Ke6 46. Ke3 Ke5 47. a4 Ke6
48. Kf4 Kd6 49. Ke3 Kc7 50. g4 fxg4 51. Kxe4 a5 52. b5 Kd6 53. Kd4 g3 54. Ke3
Kc5 55. Kf3 Kxc4 56. Kxg3 Kb4 57. Kf4 Kxb5 58. axb5 0-1

[Event "POLFINAL MISTRZOSTW POLSKI JUNIOROW 2019 - C17"]
[Site "Ustron"]
[Date "1899-12-30"]
[Round "3.11"]
[White "Tomkowicz, Kamil"]
[Black "Wloch, Mikolaj"]
[Result "1/2-1/2"]
[WhiteTitle "I"]
[BlackTitle "I"]
[WhiteElo "1616"]
[BlackElo "1868"]

1. e4 c5 2. Nf3 d6 3. d4 cxd4 4. Qxd4 Nc6 5. Bb5 Bd7 6. Bxc6 Bxc6 7. Nc3 Nf6 8.
Bg5 e5 9. Qd3 h6 10. Bxf6 Qxf6 11. Nd5 Bxd5 12. Qxd5 O-O-O 13. Rd1 Qe6 14. Nh4
Qxd5 15. Rxd5 g6 16. g3 Be7 17. Ng2 Rhe8 18. Ne3 Rf8 19. Ke2 f5 20. f3 fxe4 21.
fxe4 h5 22. h4 Rf7 23. Rf1 Rxf1 24. Kxf1 Kd7 25. Ke2 Rg8 26. Rd1 Rf8 27. Rf1 Rxf1
28. Kxf1 Ke6 29. Ke2 g5 30. hxg5 Bxg5 31. Nf5 Bf6 32. c4 Kd7 33. Kd3 Kc6 34. a4
a5 35. Kc3 Kc5 36. b3 b6 37. Kd3 Kc6 1/2-1/2